000 01073nam a2200217Ia 4500
003 Ost
005 20260507075642.0
008 260507s9999||||xx |||||||||||||| ||und||
040 _cfsecg
041 _aara
082 _a342.06
100 _aعثمان، حسين عثمان محمد
_eمؤلف
245 0 _aقانون القضاء الإداري :
_bمبدأ المشروعية- تنظيم القضاء الإداري- اختصاص القضاء الإداري - تنازع الاختصاص /
_c حسين عثمان محمد عثمان
260 _aالإسكندرية:
_bدار الجامعة الجديدة,
_c2003
300 _a399 صفحة؛
_bإيضاحات ؛
_c24 سم
520 _aالإدارة والقانون ، تنظيم مجلس الدولة- أعضاء مجلس الدولة ، الإستثناءات الواردة على معيار الإختصاص، الإختصاص القضائي لمجلس الدولة
653 _aالإدارة
653 _aالقانون الاداري
653 _aالقضاء الاداري
942 _cكتاب
999 _c45437
_d45437